Recuerdos de la revolución de 1848

I tiakina i:
Ngā taipitopito rārangi puna kōrero
Kaituhi matua: Tocqueville, Alexis de (Author)
Hōputu: Pukapuka
Reo:Pāniora
I whakaputaina: Madrid Nacional 1984
Rangatū:Clásicos para una Biblioteca Contemporánea. Pensamiento
Ngā marau:
Ngā Tūtohu: Tāpirihia he Tūtohu
Kāore He Tūtohu, Me noho koe te mea tuatahi ki te tūtohu i tēnei pūkete!

MARC

LEADER 00000nam a2200000 a 4500
001 UCZ6090
003 CL-VaPUC
008 951201e19840000SP |||||||||||||||||spa|d
082 0 4 |a 944.07  |b TOC  |2 21 
100 0 |a Tocqueville, Alexis de  |e author  |9 315351 
245 1 0 |a Recuerdos de la revolución de 1848 
300 |a 327 p 
942 |c BK 
945 |d 19951201 00:00:00  |a cmena 
260 |a Madrid  |b Nacional  |c 1984 
650 7 |a HISTORIA FRANCESA  |2 CL-VaPUC  |9 333793 
650 7 |a SISTEMAS POLITICOS  |2 CL-VaPUC  |9 350301 
650 0 |a Democracia  |9 255256 
650 0 |a Derechos civiles y políticos   |9 338684 
650 7 |a REVOLUCION 1848  |2 CL-VaPUC  |9 350302 
651 0 |a Francia  |9 255157 
583 |a last modification  |c 19951201 00:00:00  |k Rodrigo Vera 
490 0 |a Clásicos para una Biblioteca Contemporánea. Pensamiento 
999 |c 242349  |d 242347 
952 |0 0  |1 0  |4 0  |6 944_070000000000000_TOC_1984  |7 0  |8 A  |9 255214  |a BIBEDU  |b BIBEDU  |d 2019-11-19  |i 1600591  |o 944.07 TOC 1984  |p 1600591  |r 2019-11-19  |w 2019-11-19  |y BK  |k FIL